000 00680nam a2200217 a 4500
008 110916s2000 xxu||||f |||| 00| 0 eng d
020 _a0071054065
041 _aeng
092 _c615
_l51
_sMEL
245 0 0 _aMelmon and Morelli´s clinical pharmacology
_cCarruthers, S.
250 _a4th
260 _aEstados Unidos
_bMcGraw-Hill
_c2000
300 _a1433 p.
500 _aCarruthers, S. (2000). Melmon and Morelli´s clinical pharmacology (4a ed.). Estados Unidos: McGraw-Hill.
653 _aFarmacología
700 1 _aCarruthers, S.
_91621
700 1 _aHoffman, Brian
_91622
700 1 _aMelmon, Kenneth
_91623
700 1 _aNierenberg, David
_91624
942 _2ddc
_cBK
999 _c1007
_d1007